000 00547nam a2200181Ia 4500
003 GCL
008 140319s9999 xx 000 0 ara d
040 _aGCL /
_cGCL
082 0 4 _a340.56
_bع م
100 1 _aعبدالعزيز فهمى
245 1 0 _aمدونة جوستينان فى الفقة الرومانى /
_cعبدالعزيز فهمى
260 _a[S.N] :
_bعالم الكتب الحديث ،
_c1946
300 _a409 ص
490 _a
650 0 4 _aالقانون
650 0 4 _aالقانون الرومانى
942 _2ddc
_cBK
999 _c54230
_d54230